[Event "Barcelona Espiga de les Corts-B 1st"]
[Site "Barcelona"]
[Date "2018.05.26"]
[Round "7.3"]
[White "Vives Illa, Andreu"]
[Black "Gutierrez Palomino, Albert"]
[Result "0-1"]
[WhiteElo "1698"]
[BlackElo "2066"]
[PlyCount "31"]
[EventDate "2018.04.14"]
[EventType "swiss"]
[EventRounds "9"]
[EventCountry "ESP"]
[SourceTitle "EXT 2024"]
[Source "ChessBase"]
[SourceDate "2023.10.10"]
[SourceVersion "1"]
[SourceVersionDate "2023.10.10"]
[SourceQuality "1"]

1. e4 d6 2. d4 Nf6 3. Nc3 g6 4. Nf3 Bg7 5. Bc4 c6 6. Bg5 h6 7. Be3 b5 8. Bd3 Nbd7 9. Qd2 Nb6 10. d5 b4 11. Bxb6 Qxb6 12. Na4 Qa5 13. b3 Nxe4 14. Bxe4 Bxa1 15. dxc6 Ba6 16. Qd4 0-1

[Event "Barcelona Espiga de les Corts-B 1st"]
[Site "Barcelona"]
[Date "2018.04.21"]
[Round "2.1"]
[White "Vives Illa, Andreu"]
[Black "Farres Garcia, Joan"]
[Result "0-1"]
[WhiteElo "1698"]
[BlackElo "1718"]
[PlyCount "94"]
[EventDate "2018.04.14"]
[EventType "swiss"]
[EventRounds "9"]
[EventCountry "ESP"]
[SourceTitle "EXT 2024"]
[Source "ChessBase"]
[SourceDate "2023.10.10"]
[SourceVersion "1"]
[SourceVersionDate "2023.10.10"]
[SourceQuality "1"]

1. e4 e5 2. Nf3 Nc6 3. Bc4 Nf6 4. Nc3 Be7 5. 0-0 0-0 6. Re1 d6 7. d3 Bg4 8. h3 Bh5 9. Nb1 Qd7 10. Nbd2 Na5 11. b4 Nxc4 12. Nxc4 Rfe8 13. Be3 a6 14. Ncd2 Bf8 15. c4 c6 16. Qc2 Rac8 17. Rec1 d5 18. exd5 cxd5 19. c5 d4 20. Bg5 Nd5 21. Qb2 f6 22. Bh4 Kh8 23. Ne1 Nc3 24. Kh1 f5 25. Rxc3 dxc3 26. Qxc3 b6 27. Nb3 bxc5 28. bxc5 Qd5 29. Rc1 Re6 30. f3 Be8 31. Bf2 Bb5 32. Kh2 Rd8 33. d4 e4 34. Bg3 e3 35. Be5 e2 36. Nd3 Bxd3 37. Qxd3 Rxe5 38. Re1 Re6 39. Rxe2 Rxe2 40. Qxe2 Qc6 41. Qc2 Qg6 42. Qc4 f4 43. Qc3 Re8 44. c6 Qg3+ 45. Kh1 Re1+ 46. Qxe1 Qxe1+ 47. Kh2 Be7 0-1